| 000 | 01051nam a2200241 a 4500 | ||
|---|---|---|---|
| 003 | BD-DhJNU | ||
| 005 | 20260128043001.0 | ||
| 008 | 251108s2025 bg |||g |||| 000 1|ben|d | ||
| 020 | _a9789391736729 | ||
| 040 |
_aBD-DhJNU _bben _cBD-DhJNU _dBD-DhJNU |
||
| 041 | _aben | ||
| 082 |
_a739.27 BHA _223 |
||
| 245 | 1 | 0 |
_aভারতীয় গয়নার ইতিহাস / _cদীপঙ্কর পাড়ুই (সম্পাদনা) |
| 246 | _aBharotiyo goynar itihash | ||
| 250 | _a1st ed. | ||
| 260 |
_aইন্ডিয়া : _bবীরুৎজাতীয় সাহিত্য সম্নিলনী, _c2025. |
||
| 300 |
_a৫৩৩ পৃ. : _bচিত্র ; _c২৩ সেমি.। |
||
| 504 | _aগ্রন্থপঞ্জিগত নির্দেশিকা ও নিঘন্ট অন্তভূক্ত | ||
| 650 | _aগয়নার ইতিহাস | ||
| 650 | _aHistory of adornment | ||
| 700 | a |
_aপাড়ুই, দীপঙ্কর _eসম্পাদক |
|
| 942 | _cBK | ||
| 999 |
_c2582 _d2582 |
||